000 01112nam a22002777a 4500
999 _c113400
_d113400
003 dpl
005 20181103141015.0
008 181103b ||||| |||| 00| 0 eng d
010 _aB-069021
020 _c90.00
_a8126307668
035 _aB-069021, B-069025
037 _bCen Lib/Ret
040 _aDPL
_bHN
_c0
082 _a
_bमृदुगल
100 _aमृदुगल, चित्रा
_952073
245 _aलपटें /
_cचित्रा म्रिदुगुल
246 _aLaptein /
_bby Chitra Mridgal
260 _aनयी दिल्ली
_bभारतीय ज्ञानपीठ
_c2002
270 _a18, इस्न्तितुशानल एरिया, लोदी रोड
_bनयी दिल्ली
_e110003
300 _avii,110पृ.
_c20सेमी(सजिल्द )
650 _aहिंदी साहित्य
_x
_z
_952074
650 _aहिंदी कहानियां
_92082
650 _aHindi literature
_v
_952075
650 _aHindi stories
_952076
942 _2ddc
_cHN
_h
_mमृदुगल